00319nam a2200133Ia 4500008004100000041000800041082001300049100002800062245002800090260003400118300001400152563000700166650001200173210707s1967 xx 000 0 und d aeng a530 BERK aBERKELEY PHYSICS COURSE aStatistical physics. V5 aNYbMcGraw-Hill Book Coc1967 axxi,398 p aHB aPhysics